Učitavanje...

Banking law & Practice

Bibliografski detalji
Glavni autor: S N Maheswari S K Maheswari
Daljnji autori: S N Maheswari
Format: Printed Book
Izdano: New Delhi Kalyani Publishers 2014
Izdanje:13th
Teme:
LEADER 00562nam a22001817a 4500
003 OSt
020 |a 9788127264086 
082 |a 346.082  |b MAH/BA 
100 |a S N Maheswari  |a S K Maheswari 
245 |a Banking law & Practice 
250 |a 13th 
260 |a New Delhi  |b Kalyani Publishers  |c 2014 
300 |a VII-99 
650 |a Commercial Bank 
700 |a S N Maheswari 
942 |2 ddc  |c BK 
999 |c 189133  |d 189133 
952 |0 0  |1 0  |2 ddc  |4 0  |6 346_082000000000000_MAH_BA  |7 0  |9 195285  |a KAUCBV  |b KAUCBV  |d 2015-11-24  |g 0.00  |l 5  |o 346.082 MAH/BA  |r 2019-01-18  |s 2018-12-17  |w 2015-11-24  |y BK